EPIC: The Musical - Dangerous - Statistics

General Stats
  • This quiz has been taken 275 times
  • The average score is 401 of 480
Answer Stats
% Correct
a
98%
I
98%
my
98%
My
98%
men,
97%
you
97%
You
97%
(You
97%
you.
97%
on
96%
this
96%
this!
96%
this.
96%
this,
96%
bag.
95%
bag
95%
bag,
95%
do
95%
do?
95%
do,
95%
friend.
95%
friend!
95%
friend,
95%
friend?
95%
is
95%
me
95%
one
95%
to
95%
have
94%
Odysseus Hermes?
94%
Hermes!
94%
it
94%
it?
94%
it!
94%
it.
94%
(It
94%
No
94%
no
94%
Hermes All
93%
all
93%
not
93%
home
92%
home?
92%
home,
92%
home.
92%
home!
92%
open
92%
Open
92%
the
92%
The
92%
who
92%
who?
92%
danger
91%
in
91%
in.
91%
mind.
91%
your
91%
dangerous,
90%
dangerous!
90%
dangerous.
90%
for
90%
Odysseus Six
90%
six
90%
Be
89%
be
89%
hundred
89%
Odysseus So
89%
so
89%
an
88%
Hello
88%
that
88%
Calypso?
87%
I'm
87%
it's
87%
It's
87%
When
87%
when
87%
you're
87%
Hermes You're
87%
and
86%
Hermes/Winions/All And
86%
are
86%
get
86%
How
86%
how
86%
know
86%
know,
86%
last
86%
make
86%
old
86%
under
86%
What
86%
what
86%
Why
86%
you'll
86%
You'll
86%
by
85%
can
85%
command,
85%
then
85%
Odysseus Then
85%
We
85%
back
84%
chance
84%
here?
84%
little
84%
need
84%
Only
84%
talked
84%
will
84%
with
84%
bit
83%
hand.
83%
line,
83%
line!
83%
Put
83%
put
83%
cause
82%
Cause
82%
change
82%
goal
82%
if
82%
Odysseus If
82%
made
81%
mindset
81%
away
80%
deaths
80%
raft
80%
Hermes | Odysseus Don't
79%
had
79%
wanna
79%
Hermes Well
79%
whole
79%
fleet,
77%
gotta
77%
wait
77%
final
76%
homeland?
76%
plan
76%
cannot
75%
every
75%
keep
75%
Keep
75%
matter
75%
playing
75%
safe
75%
say
75%
Hermes First
74%
gonna
74%
great,
74%
Consider
73%
given
73%
like
73%
reach
73%
Star,
73%
uncharted
73%
was
73%
wind
73%
being
72%
Follow
72%
option.
72%
plan's
72%
trick
72%
trick,
72%
waters.
72%
far
71%
lost,
70%
through,
70%
through
70%
caution,
69%
main
69%
abandon
68%
event!
68%
event.
68%
life,
68%
look
68%
much
68%
must
68%
sky.
68%
won't
68%
fight
67%
stop,
67%
stop
67%
why'd
67%
domain
66%
fate,
66%
going,
66%
Hermes Good
66%
never
66%
smile,
66%
treat
66%
band.
65%
blood
65%
closed
65%
greets
65%
hands
65%
Thank
65%
thank
65%
way
65%
went
65%
Odysseus Alright,
64%
brain
64%
but
64%
dance
64%
enhance
64%
fought
64%
luck!
64%
towards
64%
another
63%
isle,
63%
storm
63%
storm.
63%
try!)
63%
rowing.
62%
sir.
62%
think
62%
trained
62%
use
62%
around
61%
moving.
61%
wash
61%
lastly,
60%
lurk
60%
Remember
60%
state.
60%
design!)
58%
strangers
58%
known,
57%
tell
57%
time
55%
closer.
54%
let
54%
ruthlessness,
54%
end
53%
meant
53%
Poseidon's
53%
raging
51%
inside
50%
I'll
49%
mortal
49%
pass
49%
foolishness!
46%
skill
46%
paid
45%
Hermes Ahahahahaha!
21%
Northern
18%
No matching quizzes found
Score Distribution
Percent of People with Each Score
Percentile by Number Answered
Your Score History
You have not taken this quiz